Ej, bogatýre Makoviči obrazotvorče-- : z korespondence Martina Friče a Jaroslava Žáka 1938-1948 /

Hlavní autor: Frič, Martin, 1902-1968
Další autoři: Žák, Jaroslav, 1906-1960, Klimeš, Ivan, 1957-
Jazyk: Čeština
Vydáno: Praha : Národní filmový archiv, 2014
Vydání: Vyd. 1.
Témata:
Fyzický popis: 178 s. : il., portréty, faksim. ; 22 cm
Knihy
Uloženo v:
LEADER 02113nam a2200541 a 4500
001 nkc20142591902
003 CZ PrNK
005 20140709101818.0
007 ta
008 140526s2014 xr ach e 000 idcze
015 |a cnb002591902 
020 |a 978-80-7004-161-1  |q (brož.) 
035 |a (OCoLC)883373285 
040 |a BOA001  |b cze  |d ABA001 
043 |a e-xr--- 
045 |a x3x4 
072 7 |a 791  |x Film. Cirkus. Lidová zábava  |2 Konspekt  |9 3 
080 |a 791.633-051  |2 MRF 
080 |a 821.162.3-051  |2 MRF 
080 |a 791.632-051  |2 MRF 
080 |a (437.3)  |2 MRF 
080 |a (044)  |2 MRF 
100 1 |a Frič, Martin,  |d 1902-1968  |7 jk01031887  |4 crp  |4 rcp 
245 1 0 |a Ej, bogatýre Makoviči obrazotvorče-- :  |b z korespondence Martina Friče a Jaroslava Žáka 1938-1948 /  |c [k vydání připravil Ivan Klimeš] 
246 3 0 |a Z korespondence Martina Friče a Jaroslava Žáka 1938-1948 
250 |a Vyd. 1. 
260 |a Praha :  |b Národní filmový archiv,  |c 2014 
300 |a 178 s. :  |b il., portréty, faksim. ;  |c 22 cm 
500 |a Část. tištěno napříč 
600 1 7 |a Frič, Martin,  |d 1902-1968  |7 jk01031887  |2 czenas 
600 1 7 |a Žák, Jaroslav,  |d 1906-1960  |7 jk01152975  |2 czenas 
648 7 |a 1938-1948  |7 ch1018657  |2 czenas 
648 7 |a 20. století  |7 ch460558  |2 czenas 
650 0 7 |a filmoví režiséři  |7 ph120210  |z Česko  |y 20. století  |2 czenas 
650 0 7 |a čeští spisovatelé  |7 ph128175  |y 20. století  |2 czenas 
650 0 7 |a filmoví scenáristé  |7 ph120211  |z Česko  |y 20. století  |2 czenas 
650 0 9 |a film directors  |z Czechia  |y 20th century  |2 eczenas 
650 0 9 |a Czech authors  |y 20th century  |2 eczenas 
650 0 9 |a screenwriters  |z Czechia  |y 20th century  |2 eczenas 
655 7 |a korespondence  |7 fd132681  |2 czenas 
655 9 |a correspondence  |2 eczenas 
700 1 |a Žák, Jaroslav,  |d 1906-1960  |7 jk01152975  |4 crp  |4 rcp 
700 1 |a Klimeš, Ivan,  |d 1957-  |7 jn99240000452  |4 edt 
910 2 |a BOA001  |b 2-1327.725 
990 |a BK 
995 |a 01 
991 |b 201406  |c NOV  |e n 
996 6 |b 2610592484  |c 2-1327.725  |l MZK  |r Sklad / do 1 hodiny  |n 0  |p p.v.  |w 001425387  |u 000010  |a 1  |e BOA001  |j MZK50  |s P